Normal view
MARC view
Entry Personal Name
001 - CONTROL NUMBER
- control field: 8539
003 - CONTROL NUMBER IDENTIFIER
- control field: OSt
005 - DATE AND TIME OF LATEST TRANSACTION
- control field: 20160506173749.0
008 - FIXED-LENGTH DATA ELEMENTS
- fixed length control field: 160506|| aca||aabn | a|a d
040 ## - CATALOGING SOURCE
- Original cataloging agency: OSt
- Transcribing agency: OSt
100 ## - HEADING--PERSONAL NAME
- Personal name: Lee, J. D.
- Fuller form of name: (John David),
- Dates associated with a name: 1931-
670 ## - SOURCE DATA FOUND
- Source citation: Work cat.: (OSt)3889: Lee, J. D. (John David), 1931-, Concise inorganic chemistry /, 1991.
